NFL Teams 60 Second Blitz Quiz Stats

Quiz Updated Feb 6, 2017

Challenge
Share
Tweet
Embed
Score 0/32 Timer 01:00
71 Plays Today
Team Name % Correct
New York Jets
82.5%
New England Patriots
82.3%
New York Giants
80.7%
Dallas Cowboys
76.6%
Miami Dolphins
75%
Chicago Bears
70.2%
Philadelphia Eagles
70.1%
San Francisco 49ers
70.1%
Indianapolis Colts
70%
Green Bay Packers
69.4%
Pittsburgh Steelers
68.4%
Oakland Raiders
65.5%
Washington Redskins
64.9%
Minnesota Vikings
64.4%
Cleveland Browns
64.1%
Seattle Seahawks
63.3%
Team Name % Correct
Buffalo Bills
63.3%
Houston Texans
63.3%
Detroit Lions
63.1%
Baltimore Ravens
62.3%
Los Angeles Chargers
62.2%
New Orleans Saints
61.6%
Cincinnati Bengals
59.6%
Jacksonville Jaguars
59.1%
Los Angeles Rams
58.7%
Atlanta Falcons
57.6%
Denver Broncos
57%
Tennessee Titans
57%
Carolina Panthers
56.6%
Arizona Cardinals
56.4%
Tampa Bay Buccaneers
55.8%
Kansas City Chiefs
54.7%

You're not logged in!

Compare scores with friends on all Sporcle quizzes.
Sign Up with Email
OR
Log In

You Might Also Like...

Show Comments

Extras

Top Quizzes Today


Score Distribution

Your Account Isn't Verified!

In order to create a playlist on Sporcle, you need to verify the email address you used during registration. Go to your Sporcle Settings to finish the process.